THE ASSOCIATE (Record no. 2384)
[ view plain ]
| 000 -LEADER | |
|---|---|
| fixed length control field | 00562nam a22001457a 4500 |
| 020 ## - INTERNATIONAL STANDARD BOOK NUMBER | |
| ISBN | 978-0-0995-3699-4 |
| 082 ## - DEWEY DECIMAL CLASSIFICATION NUMBER | |
| Classification number | 823 |
| Item number | GRI/A |
| 100 ## - MAIN ENTRY--AUTHOR NAME | |
| Personal name | GRISHAM,JOHN |
| 245 ## - TITLE STATEMENT | |
| Title | THE ASSOCIATE |
| 260 ## - PUBLICATION, DISTRIBUTION, ETC. (IMPRINT) | |
| Place of publication | LONDON |
| Name of publisher | ARROW BOOKS |
| 300 ## - PHYSICAL DESCRIPTION | |
| Number of Pages | 485 |
| 520 ## - SUMMARY, ETC. | |
| Summary, etc | Three months after leaving Yale, Kyle becomes an associate at the largest law firm in the world, where, in addition to practicing law, he is expected to lie, steal, and take part in a scheme that could send him to prison, if not get him killed. and much more! |
| 650 ## - SUBJECT ADDED ENTRY--TOPICAL TERM | |
| Topical Term | NOVEL,ENGLISH |
| Geographic subdivision | LONDON |
| 942 ## - ADDED ENTRY ELEMENTS (KOHA) | |
| Koha item type | Books |
| Withdrawn status | Lost status | Collection code | Home library | Current library | Shelving location | Date acquired | Source of acquisition | Full call number | Accession Number | Koha item type |
|---|---|---|---|---|---|---|---|---|---|---|
| Fiction | Main Library | Main Library | SHELF-2-D ENGLIAH NOVELS FOR TEACHERS | 05/01/2023 | PURCHASE | 823 GRI/A | 04904 | Books |